000 01043nam a2200265Ia 4500
003 OSt
005 20220923225144.0
006 a|||||r|||| 00| 0
007 ta
008 220922b |||||||| |||| 00| 0 hin d
020 _c120
024 _a258,729
037 _b311, 30/06/2011, Vani Prakashan
_cTextual
040 _aARTS
_cARTS
_bhin
041 _2hin
_ahin
082 _aO111,3v5.M, 152P8
100 _aफॉक्स, रैल्फ; शर्मा, राम विलास
_9168434
245 0 _aउपन्यास और लोक जीवन
246 _aUpanyās aur lok jīvana
260 _aनई दिल्ली
_b पीपुल्स पब्लिशिंग हाउस प्रा0 लि0
_c2008
300 _a158पृ.
_ccm.
650 _aपाश्चात्य साहित्य
942 _hO111,3v5.M, 152P8
_cTEXL
_2CC
999 _c376429
_d376429